| 000 | 00440nam a2200157 i 4500 | ||
|---|---|---|---|
| 001 | 41205 | ||
| 003 | ES-MaACL | ||
| 005 | 20230906160407.0 | ||
| 007 | t| | ||
| 008 | 030310s1972 sp ||||1| spa d | ||
| 100 | 1 |
_aCaranci, Carlos. _934949 |
|
| 245 | 1 | 3 |
_aEl Tercer Mundo _b: los proletarios del siglo XX / _cCarlos Caranci. |
| 260 |
_aMadrid : _bEl espejo, _c1972. |
||
| 300 |
_a433 p. ; _c19 cm. |
||
| 852 |
_aES-MaACL _jC-49798 _bR.84803 |
||
| 999 |
_c41205 _d41205 |
||